| 000 | 00785nam a2200277Ia 4500 | ||
|---|---|---|---|
| 008 | 170712s9999 xx 000 0 und d | ||
| 050 | _a344.59 | ||
| 050 | _bS246 2009 | ||
| 100 | _aSarmiento, Ulpiano P. | ||
| 245 | _aEducation law and the private schools / | ||
| 245 | _cby Ulpiano 'ULAN' P. Sarmiento. | ||
| 250 | _a2009 revised expanded edition. | ||
| 260 | _a[Manila] : | ||
| 260 | _bUlpiano P. Sarmiento, | ||
| 260 | _c2009 | ||
| 300 | _a1031 pages : | ||
| 300 | _billustrations ; | ||
| 300 | _c28cm. | ||
| 500 | _aIncludes index. | ||
| 650 | _aEducation law and legislation. | ||
| 650 | _aEducational law and legislation -- | ||
| 650 | _aPrivate school -- | ||
| 650 | _aTitle. | ||
| 650 | _xLaw and legislation -- Philippines. | ||
| 650 | _xPhilippines. | ||
| 999 |
_c340434 _d340434 |
||